The vocabulary files : English usage
Na minha lista:
| Formato: | Livro |
|---|---|
| Idioma: | Undetermined |
| Publicado em: |
Thành phố Hồ Chí Minh
Tổng hợp
2014
|
| Assuntos: | |
| Tags: |
Adicionar Tag
Sem tags, seja o primeiro a adicionar uma tag!
|
| Thư viện lưu trữ: | Trung tâm Học liệu Trường Đại học Cần Thơ |
|---|
| LEADER | 00673nam a2200229Ia 4500 | ||
|---|---|---|---|
| 001 | CTU_202490 | ||
| 008 | 210402s9999 xx 000 0 und d | ||
| 020 | |c 78000 | ||
| 082 | |a 428.0076 | ||
| 082 | |b B564/B.1 | ||
| 245 | 4 | |a The vocabulary files : | |
| 245 | 0 | |b English usage | |
| 245 | 0 | |c Andrew Betsis, Lawrence Mamas | |
| 260 | |a Thành phố Hồ Chí Minh | ||
| 260 | |b Tổng hợp | ||
| 260 | |c 2014 | ||
| 526 | |a Đọc hiểu 1 (*) | ||
| 526 | |b FL003H | ||
| 650 | |a English language,Vocabulary,Từ vựng,Anh ngữ | ||
| 650 | |x Examinations,Kỳ thi | ||
| 904 | |i Tuyến | ||
| 980 | |a Trung tâm Học liệu Trường Đại học Cần Thơ | ||